Excavations at chiapa de Corzo Chiapas, México (Record no. 10349)

MARC details
000 -CABECERA
campo de control de longitud fija 00964nam a2200253 a 4500
001 - NÚMERO DE CONTROL
campo de control BRL_1540
005 - FECHA Y HORA DE LA ÚLTIMA TRANSACCIÓN
campo de control 20190320211243.0
008 - DATOS DE LONGITUD FIJA--INFORMACIÓN GENERAL
campo de control de longitud fija 240214s1960----u--abeo###---#000-0#eng-#
041 ## - CÓDIGO DE LENGUA
Código de lengua del texto/banda sonora o título independiente eng
044 ## - CÓDIGO DEL PAÍS DE LA ENTIDAD EDITORA/PRODUCTORA
Código MARC del país u
050 #4 - SIGNATURA TOPOGRÁFICA DE LA BIBLIOTECA DEL CONGRESO
Número de clasificación F1219
Número de documento/Ítem .E93 1960
245 10 - MENCIÓN DE TÍTULO
Título Excavations at chiapa de Corzo Chiapas, México
260 ## - PUBLICACIÓN, DISTRIBUCIÓN, ETC.
Lugar de publicación, distribución, etc. Provo, Utah
Nombre del editor, distribuidor, etc. New World Archeological Foundation, Brigham Young University
Fecha de publicación, distribución, etc. 1960
300 ## - DESCRIPCIÓN FÍSICA
Extensión 1 v. (en varias paginaciones)
Otras características físicas il., fotografías (blanco y negro), mapas, planos
Dimensiones 27 cm.
Material acompañante/anejo + 2 planos plegables
440 #0 - MENCIÓN DE SERIE/PUNTO DE ACCESO ADICIONAL--TÍTULO
Título Papers of the New World Archaeological Foundation
Designación de volumen o secuencia no. 8-11
9 (RLIN) 27210
440 #0 - MENCIÓN DE SERIE/PUNTO DE ACCESO ADICIONAL--TÍTULO
Título Publication
Designación de volumen o secuencia no. 7
9 (RLIN) 27211
500 ## - NOTA GENERAL
Nota general Au1454
650 14 - PUNTO DE ACCESO ADICIONAL DE MATERIA--TÉRMINO DE MATERIA
Término de materia o nombre geográfico como elemento de entrada Indígenas de México
Subdivisión general Antigüedades
Subdivisión geográfica Chiapa de Corzo
9 (RLIN) 27212
650 14 - PUNTO DE ACCESO ADICIONAL DE MATERIA--TÉRMINO DE MATERIA
Término de materia o nombre geográfico como elemento de entrada Excavaciones arqueologicas
Subdivisión geográfica Chiapa de Corzo
9 (RLIN) 27213
651 #4 - PUNTO DE ACCESO ADICIONAL DE MATERIA--NOMBRE GEOGRÁFICO
Nombre geográfico Chiapa de Corzo
Subdivisión general Antigüedades
9 (RLIN) 27214
710 2# - PUNTO DE ACCESO ADICIONAL--NOMBRE DE ENTIDAD CORPORATIVA
Nombre de entidad corporativa o nombre de jurisdicción como elemento de entrada New World Archaeological Foundation
9 (RLIN) 27215
902 ## - CATALOGADOR
Iniciales GRL
942 ## - ELEMENTOS DE PUNTO DE ACCESO ADICIONAL (KOHA)
Fuente del sistema de clasificación o colocación Library of Congress Classification
Tipo de ítem Koha Libros
Holdings
Estado de retiro Estado de pérdida Estado dañado No para préstamo Localización permanente Ubicación/localización actual Fecha de adquisición Número de inventario Total de préstamos Signatura topográfica completa Código de barras Fecha visto por última vez Precio válido a partir de Tipo de ítem Koha
El ejemplar forma parte de la colección y puede ser consultado según las políticas vigentes.       Biblioteca Centro de Estudios Ruth D. Lechuga Biblioteca Centro de Estudios Ruth D. Lechuga 24/02/2014 Au1454   F1219 .E93 1960 (Au1454) GRL01728 22/03/2019 22/03/2019 Libros